[Event "North Bay int."]
[Site "North Bay CAN"]
[Date "1996.08.09"]
[Round "5"]
[White "Zendrowski, Jay"]
[Black "Fogarasi, Norbert"]
[Result "1/2-1/2"]
[WhiteElo "2224"]
[BlackElo "2059"]
[PlyCount "55"]
[EventDate "1996.08.07"]
[EventType "swiss"]
[EventRounds "9"]
[EventCountry "CAN"]

1. Nf3 d5 2. g3 Bg4 3. Ne5 Bh5 4. c4 e6 5. Bg2 c6 6. Qb3 Nd7 7. Nxd7 Qxd7 8.
cxd5 exd5 9. d4 Bd6 10. O-O Ne7 11. f3 f6 12. Be3 g5 13. Bf2 Bf7 14. Qa4 h5 15.
e4 h4 16. Nc3 Be6 17. Rfe1 Bh3 18. Bh1 hxg3 19. Bxg3 Bxg3 20. hxg3 Bf1 21. g4
Ba6 22. exd5 O-O-O 23. dxc6 Nxc6 24. d5 Qh7 25. Bg2 Qh2+ 26. Kf2 Qh4+ 27. Kg1
Qh2+ 28. Kf2 1/2-1/2

[Event "North Bay int."]
[Site "North Bay CAN"]
[Date "1996.08.10"]
[Round "6"]
[White "Cabanas, Francisco"]
[Black "Thiele, Frank"]
[Result "1-0"]
[WhiteElo "2234"]
[BlackElo "2108"]
[PlyCount "79"]
[EventDate "1996.08.07"]
[EventType "swiss"]
[EventRounds "9"]
[EventCountry "CAN"]

1. e4 c5 2. Nc3 Nc6 3. g3 g6 4. Bg2 Bg7 5. d3 e6 6. Be3 Nd4 7. Qd2 Ne7 8. Nd1
b6 9. c3 Ndc6 10. Bh6 O-O 11. h4 Bxh6 12. Qxh6 Kh8 13. Qd2 d5 14. h5 Rb8 15.
hxg6 fxg6 16. Qh6 Rf7 17. Nf3 Ng8 18. Qxg6 Rg7 19. Qh5 dxe4 20. dxe4 Nf6 21.
Qh6 Ba6 22. Ne3 Qe7 23. O-O-O Be2 24. Rd2 Bxf3 25. Bxf3 Ne5 26. Qf4 Nxf3 27.
Qxb8+ Rg8 28. Qd6 Qxd6 29. Rxd6 Nxe4 30. Rxe6 Nxf2 31. Rf1 Nd3+ 32. Kc2 Nfe5
33. Rd1 c4 34. Nxc4 Nf2 35. Rxe5 Nxd1 36. Kxd1 Rxg3 37. Re8+ Kg7 38. Re7+ Kg6
39. Rxa7 h5 40. Ra8 1-0

[Event "North Bay int."]
[Site "North Bay CAN"]
[Date "1996.08.10"]
[Round "6"]
[White "Ceterski, Tom"]
[Black "Acker, Robert"]
[Result "1/2-1/2"]
[WhiteElo "2015"]
[BlackElo "2100"]
[PlyCount "76"]
[EventDate "1996.08.07"]
[EventType "swiss"]
[EventRounds "9"]
[EventCountry "CAN"]

1. d4 Nf6 2. c4 g6 3. Nc3 d5 4. cxd5 Nxd5 5. e4 Nxc3 6. bxc3 Bg7 7. Bc4 c5 8.
Be3 O-O 9. Ne2 Nc6 10. O-O Na5 11. Bd3 c4 12. Bc2 Bg4 13. f3 Bd7 14. g4 b6 15.
Qd2 e6 16. Ng3 Kh8 17. Bg5 f6 18. Be3 Qc7 19. Kg2 Rad8 20. Rad1 Bc6 21. Qc1 Qd6
22. Bf4 Qd7 23. h4 Kg8 24. e5 f5 25. gxf5 exf5 26. Bg5 Rde8 27. h5 Bd5 28. hxg6
hxg6 29. Ne2 Nb7 30. Nf4 Qc6 31. Nxd5 Qxd5 32. Rh1 Kf7 33. Rh7 Rh8 34. Rdh1
Rxh7 35. Rxh7 Nd8 36. Bh6 Ne6 37. Bxg7 Nxg7 38. Qg5 Qe6 1/2-1/2

[Event "North Bay int."]
[Site "North Bay CAN"]
[Date "1996.08.10"]
[Round "6"]
[White "Chu, Christopher"]
[Black "Campbell, Brett"]
[Result "0-1"]
[WhiteElo "2183"]
[BlackElo "2295"]
[PlyCount "66"]
[EventDate "1996.08.07"]
[EventType "swiss"]
[EventRounds "9"]
[EventCountry "CAN"]

1. d4 Nf6 2. c4 g6 3. Nc3 Bg7 4. e4 d6 5. f3 O-O 6. Be3 Nc6 7. Nge2 e5 8. d5
Ne7 9. g4 Ne8 10. Ng3 f5 11. gxf5 gxf5 12. Nh5 Ng6 13. Nxg7 Nxg7 14. Qe2 fxe4
15. Nxe4 Qh4+ 16. Bf2 Qh5 17. Ng3 Qxf3 18. Qxf3 Rxf3 19. Be2 Rf7 20. Nh5 Bh3
21. Rg1 Raf8 22. Nxg7 Rxf2 23. Ne6 Bxe6 24. dxe6 Rxh2 25. Rc1 Rf4 26. Rc3 Re4
27. Rxg6+ hxg6 28. Rf3 Rhxe2+ 29. Kd1 Re1+ 30. Kd2 R4e2+ 31. Kd3 Re3+ 32. Rxe3
Rxe3+ 33. Kxe3 Kf8 0-1

[Event "North Bay int."]
[Site "North Bay CAN"]
[Date "1996.08.10"]
[Round "6"]
[White "Cote, Jacques"]
[Black "Lindsay, Fred"]
[Result "0-1"]
[WhiteElo "2273"]
[BlackElo "2316"]
[PlyCount "94"]
[EventDate "1996.08.07"]
[EventType "swiss"]
[EventRounds "9"]
[EventCountry "CAN"]

1. e4 e6 2. d4 d5 3. Nc3 Bb4 4. Nge2 Nc6 5. a3 Ba5 6. b4 Bb6 7. Be3 Nf6 8. e5
Ng4 9. Ng3 Qh4 10. Bb5 Bd7 11. Qd2 f6 12. exf6 Qxf6 13. Nh5 Qf7 14. Nf4 O-O 15.
O-O Bxd4 16. Nfxd5 Qh5 17. h3 Nxe3 18. fxe3 Qg5 19. Rad1 Rxf1+ 20. Bxf1 Be5 21.
Nf4 Bxc3 22. Qxc3 Qe5 23. Qxe5 Nxe5 24. Nd3 Nxd3 25. Bxd3 Bc6 26. b5 Be8 27.
Bc4 Kf7 28. Rd4 a6 29. bxa6 b5 30. Rf4+ Ke7 31. Bd3 Rxa6 32. Bxh7 Rxa3 33. Bd3
c5 34. Rg4 c4 35. Bg6 Bxg6 36. Rxg6 Kf7 37. Rg3 Rc3 38. Rf3+ Ke7 39. Rg3 Kf8
40. Rf3+ Kg8 41. Kf1 Rxc2 42. g4 b4 43. Ke1 b3 44. Kd1 Rh2 45. Kc1 c3 46. Rf1
Ra2 47. Kb1 c2+ 0-1

[Event "North Bay int."]
[Site "North Bay CAN"]
[Date "1996.08.10"]
[Round "6"]
[White "Day, Lawrence"]
[Black "Fiedler, Brian"]
[Result "1-0"]
[WhiteElo "2444"]
[BlackElo "2285"]
[PlyCount "84"]
[EventDate "1996.08.07"]
[EventType "swiss"]
[EventRounds "9"]
[EventCountry "CAN"]

1. e4 c6 2. d3 d5 3. Nd2 g6 4. f4 Bg7 5. Ngf3 Qb6 6. Nb3 Nf6 7. e5 Ng4 8. Qe2
h5 9. h3 Nh6 10. Be3 Qd8 11. Rg1 Na6 12. Bf2 Nc7 13. g3 Bd7 14. Nc5 Qc8 15.
Nxd7 Qxd7 16. O-O-O b6 17. d4 e6 18. g4 hxg4 19. hxg4 c5 20. dxc5 O-O 21. c6
Qxc6 22. Nd4 Qd7 23. Bh4 Rfc8 24. Qe3 a6 25. Bg5 Qa4 26. Kb1 Nb5 27. Nb3 d4 28.
Qe4 Ra7 29. c4 dxc3 30. Qxa4 c2+ 31. Kc1 cxd1=Q+ 32. Kxd1 Rd7+ 33. Nd2 Rdc7 34.
Bc4 Nd4 35. Qxa6 b5 36. Qb6 Bf8 37. Qxd4 Bc5 38. Qe4 Bxg1 39. Bxh6 bxc4 40. Qe1
Bc5 41. Ne4 Rd7+ 42. Kc2 Be7 1-0

[Event "North Bay int."]
[Site "North Bay CAN"]
[Date "1996.08.10"]
[Round "6"]
[White "Desjardins, Andre"]
[Black "Cossette, Daniel"]
[Result "1/2-1/2"]
[WhiteElo "2252"]
[BlackElo "2205"]
[PlyCount "66"]
[EventDate "1996.08.07"]
[EventType "swiss"]
[EventRounds "9"]
[EventCountry "CAN"]

1. e4 c5 2. Nf3 Nc6 3. d4 cxd4 4. Nxd4 g6 5. c4 Bg7 6. Be3 Nf6 7. Nc3 O-O 8.
Be2 b6 9. O-O Bb7 10. f4 d6 11. Bf3 Nxd4 12. Bxd4 e5 13. fxe5 dxe5 14. Be3 Nd7
15. Qd2 Nc5 16. Rad1 Ne6 17. Nd5 Nd4 18. Bh6 Rc8 19. b3 Bxd5 20. exd5 f5 21.
Bxg7 Kxg7 22. g3 Rf7 23. Bg2 b5 24. Rc1 Qb6 25. Kh1 Rfc7 26. Qe3 Qd6 27. cxb5
Rxc1 28. Rxc1 Rxc1+ 29. Qxc1 Nxb5 30. Qc6 Qb4 31. h4 Qe1+ 32. Kh2 Nd4 33. Qd7+
Kh6 1/2-1/2

[Event "North Bay int."]
[Site "North Bay CAN"]
[Date "1996.08.10"]
[Round "6"]
[White "Djerkovic, Miladin"]
[Black "Gonzales, Jorge A"]
[Result "0-1"]
[WhiteElo "2323"]
[BlackElo "2532"]
[PlyCount "114"]
[EventDate "1996.08.07"]
[EventType "swiss"]
[EventRounds "9"]
[EventCountry "CAN"]

1. e4 e6 2. d4 d5 3. Nc3 Bb4 4. e5 c5 5. a3 Bxc3+ 6. bxc3 Ne7 7. Nf3 b6 8. Bb5+
Bd7 9. a4 Bxb5 10. axb5 Qc7 11. O-O O-O 12. Ba3 a6 13. Qe2 axb5 14. Rfb1 Nd7
15. Rxb5 Rfc8 16. Rbb1 Nc6 17. h4 Na5 18. dxc5 Nxc5 19. Bxc5 Qxc5 20. Rb5 Qxc3
21. Ra2 Qc4 22. Qxc4 Nxc4 23. Rxa8 Rxa8 24. Kf1 Ra2 25. Nd4 Kf8 26. Ke2 Ke7 27.
Rb1 Ra4 28. Nf3 h6 29. h5 Kd7 30. Kd3 Ra3+ 31. Ke2 Ra4 32. Kd3 Kc7 33. Rh1 Kd7
34. Rb1 f6 35. exf6 gxf6 36. Nd2 Nxd2 37. Kxd2 Kc6 38. g3 b5 39. f4 f5 40. Re1
Kd6 41. Rb1 Kc5 42. Re1 Rd4+ 43. Kc3 Re4 44. Rg1 Re2 45. g4 Rh2 46. Re1 fxg4
47. Rxe6 Rxh5 48. Rg6 Rh3+ 49. Kd2 h5 50. f5 g3 51. Ke3 h4 52. Rg4 Rh2 53. c3
Kd6 54. Kd4 Rd2+ 55. Ke3 Rd1 56. Kf4 Rf1+ 57. Kg5 h3 0-1

[Event "North Bay int."]
[Site "North Bay CAN"]
[Date "1996.08.10"]
[Round "6"]
[White "Dougherty, Michael"]
[Black "Zendrowski, Jay"]
[Result "1-0"]
[WhiteElo "2310"]
[BlackElo "2224"]
[PlyCount "63"]
[EventDate "1996.08.07"]
[EventType "swiss"]
[EventRounds "9"]
[EventCountry "CAN"]

1. d4 Nf6 2. Nf3 g6 3. c4 Bg7 4. Nc3 O-O 5. e4 d6 6. Be2 e5 7. d5 a5 8. Bg5 h6
9. Bh4 g5 10. Bg3 Nh5 11. Nd2 Nf4 12. O-O Na6 13. a3 Nc5 14. b4 axb4 15. axb4
Rxa1 16. Qxa1 Nxe2+ 17. Nxe2 Nxe4 18. Nxe4 f5 19. N4c3 f4 20. Ne4 fxg3 21.
N2xg3 b5 22. Qa7 bxc4 23. Rc1 Rf7 24. Qb8 Qf8 25. b5 Bf5 26. Qb7 Bxe4 27. Nxe4
Qd8 28. Rxc4 Bf8 29. Qc6 Kg7 30. Ra4 Rd7 31. Ra8 Qe7 32. Ra7 1-0

[Event "North Bay int."]
[Site "North Bay CAN"]
[Date "1996.08.10"]
[Round "6"]
[White "Fogarasi, Norbert"]
[Black "Kret, Ted"]
[Result "1-0"]
[WhiteElo "2059"]
[BlackElo "2242"]
[PlyCount "41"]
[EventDate "1996.08.07"]
[EventType "swiss"]
[EventRounds "9"]
[EventCountry "CAN"]

1. d4 Nf6 2. c3 b6 3. Bg5 Bb7 4. e3 g6 5. Nd2 Bg7 6. f4 d6 7. Ngf3 Nbd7 8. Bd3
O-O 9. Qc2 c5 10. O-O Rc8 11. f5 gxf5 12. Bxf5 Qc7 13. Bxf6 Bxf6 14. Bxh7+ Kg7
15. Qf5 Rh8 16. Ng5 Nf8 17. Qg4 Ng6 18. Bxg6 Bxg5 19. Bxf7 Rh6 20. Qxg5+ Kh7
21. Bg6+ 1-0

[Event "North Bay int."]
[Site "North Bay CAN"]
[Date "1996.08.10"]
[Round "6"]
[White "Gross, Ronald"]
[Black "Pacey, Kevin"]
[Result "1/2-1/2"]
[WhiteElo "2116"]
[BlackElo "2297"]
[PlyCount "79"]
[EventDate "1996.08.07"]
[EventType "swiss"]
[EventRounds "9"]
[EventCountry "CAN"]

1. d4 Nc6 2. c4 e5 3. d5 Nce7 4. d6 cxd6 5. Nc3 d5 6. cxd5 Ng6 7. Nf3 Nf6 8. g3
Bc5 9. Bg2 d6 10. O-O Bf5 11. e4 Bd7 12. Qe2 O-O 13. a3 Rc8 14. Be3 Qb6 15.
Bxc5 Rxc5 16. Ne1 Rfc8 17. Nd3 Rc4 18. h3 h5 19. Kh2 h4 20. Rac1 Qb3 21. Qd1
Qxd1 22. Rfxd1 a5 23. Re1 Rd4 24. Rcd1 b5 25. Re3 b4 26. axb4 axb4 27. Ne2 Rdc4
28. b3 hxg3+ 29. fxg3 Rc2 30. Nxb4 Rb2 31. Rc1 Rb8 32. Rc2 Rb1 33. Nc6 R8xb3
34. Rxb3 Rxb3 35. Nc3 Kh7 36. Bf3 Ra3 37. Kg2 Rb3 38. Nd8 Kg8 39. Nc6 Kh7 40.
Nd8 1/2-1/2

[Event "North Bay int."]
[Site "North Bay CAN"]
[Date "1996.08.10"]
[Round "6"]
[White "Jung, Hans"]
[Black "Rajlich, Vasik"]
[Result "1-0"]
[WhiteElo "2327"]
[BlackElo "2340"]
[PlyCount "85"]
[EventDate "1996.08.07"]
[EventType "swiss"]
[EventRounds "9"]
[EventCountry "CAN"]

1. e4 c5 2. Nf3 d6 3. h3 g6 4. c3 Nf6 5. Bc4 Bg7 6. Qe2 Qc7 7. O-O O-O 8. d4
cxd4 9. Nxd4 Nxe4 10. Qxe4 Qxc4 11. Qxe7 Nc6 12. Nxc6 Qxc6 13. Qh4 Re8 14. Nd2
b6 15. Nf3 Bb7 16. Bh6 Bh8 17. Rfe1 Re5 18. Qg3 Rh5 19. Bf4 Qb5 20. Rab1 Rd8
21. Bg5 f6 22. Bf4 Qc4 23. a3 Qa2 24. Nd4 Be4 25. Rbd1 d5 26. f3 Bf5 27. Re7
Qxb2 28. Bd2 Qxa3 29. Qc7 Rc8 30. Qb7 Qc5 31. Be3 Bxh3 32. gxh3 Qxc3 33. Rc1
Qxe3+ 34. Rxe3 Rxc1+ 35. Kf2 Re5 36. Qb8+ Kg7 37. Rxe5 fxe5 38. Qxe5+ Kg8 39.
Qe8+ Kg7 40. Qe7+ Kg8 41. Ne6 Rc8 42. Nd8 Bd4+ 43. Ke1 1-0

[Event "North Bay int."]
[Site "North Bay CAN"]
[Date "1996.08.10"]
[Round "6"]
[White "Kamberi, Sonny"]
[Black "Kiviaho, Robert"]
[Result "1-0"]
[WhiteElo "2316"]
[BlackElo "2331"]
[PlyCount "151"]
[EventDate "1996.08.07"]
[EventType "swiss"]
[EventRounds "9"]
[EventCountry "CAN"]
[Source "ChessBase"]
[SourceDate "1997.11.17"]

1. e4 e5 2. Nf3 Nc6 3. Bc4 Bc5 4. c3 Nf6 5. d4 exd4 6. cxd4 Bb4+ 7. Nc3 Nxe4 8.
O-O Bxc3 9. d5 Bf6 10. Re1 Ne7 11. Rxe4 d6 12. Bg5 Bxg5 13. Nxg5 h6 14. Qe2
hxg5 15. Re1 Be6 16. dxe6 f6 17. Re3 Kf8 18. Bd3 Qe8 19. Qc2 c6 20. Rg3 Rh4 21.
Ree3 Qh5 22. Qb3 b5 23. h3 a5 24. Be2 Qg6 25. Qd1 d5 26. Rc3 Rd8 27. Bd3 Qh5
28. Qc2 Qe8 29. Rg4 Rh6 30. f4 gxf4 31. Rxf4 Rd6 32. Qe2 Qh5 33. Qe1 Qg5 34.
Rf3 Qh4 35. Rf2 Rh5 36. Rcc2 a4 37. Rce2 Rd8 38. Bg6 Nxg6 39. e7+ Nxe7 40. Rxe7
Kg8 41. Rxg7+ Kxg7 42. Qe7+ Kg6 43. Qxd8 Rh8 44. Qd7 Qe4 45. Qxc6 Qe5 46. Qxb5
Rc8 47. Qd3+ Kg7 48. Qd1 Rc4 49. Re2 Qf4 50. Re7+ Kf8 51. Re1 Qg3 52. Rf1 Qe5
53. Qf3 Kf7 54. Qd3 Re4 55. b3 a3 56. Kh1 d4 57. b4 Kg7 58. b5 Re3 59. Qc4 Qe4
60. Qc7+ Kg6 61. Qc8 f5 62. Qg8+ Kf6 63. Qh8+ Ke6 64. b6 Re2 65. Qg7 Kd6 66.
Qg3+ Ke6 67. Qg6+ Ke5 68. b7 Rb2 69. Qe8+ Kd5 70. Qg8+ Kc6 71. b8=Q Rxb8 72.
Qxb8 d3 73. Rc1+ Kd5 74. Qb5+ Kd6 75. Rd1 Kc7 76. Rxd3 1-0

[Event "North Bay int."]
[Site "North Bay CAN"]
[Date "1996.08.10"]
[Round "6"]
[White "Koster, Ed"]
[Black "Bell, Adam"]
[Result "1-0"]
[WhiteElo "2207"]
[BlackElo "1926"]
[PlyCount "73"]
[EventDate "1996.08.07"]
[EventType "swiss"]
[EventRounds "9"]
[EventCountry "CAN"]

1. Nf3 Nf6 2. c4 g6 3. d4 Bg7 4. g3 d6 5. Bg2 O-O 6. Nc3 Nc6 7. O-O Bg4 8. d5
Bxf3 9. exf3 Ne5 10. Qe2 a5 11. Re1 Re8 12. Be3 Ned7 13. f4 b6 14. Rad1 Nc5 15.
Nb5 Nfd7 16. Bd4 Rc8 17. Na7 Nb8 18. Bh3 Ncd7 19. Bxg7 Kxg7 20. Rd3 f5 21. Re3
e5 22. dxe6 Nf6 23. Bg2 Qe7 24. Nxc8 Rxc8 25. h3 Rf8 26. b3 Na6 27. Qb2 Kg8 28.
a3 c5 29. Bc6 Nc7 30. b4 axb4 31. axb4 Nfe8 32. Qa3 Ng7 33. Qa7 Rf6 34. Qb8+
Rf8 35. Qxb6 cxb4 36. Qxb4 Ngxe6 37. Rxe6 1-0

[Event "North Bay int."]
[Site "North Bay CAN"]
[Date "1996.08.10"]
[Round "6"]
[White "Linn, Peter"]
[Black "Tipu, Vincent"]
[Result "0-1"]
[WhiteElo "2081"]
[BlackElo "2348"]
[PlyCount "52"]
[EventDate "1996.08.07"]
[EventType "swiss"]
[EventRounds "9"]
[EventCountry "CAN"]

1. e4 e6 2. d4 d5 3. e5 c5 4. Nf3 cxd4 5. Bd3 Bc5 6. O-O Ne7 7. a3 Ng6 8. Re1
O-O 9. h4 f6 10. Bxg6 hxg6 11. Bf4 Nc6 12. Nbd2 Bd7 13. Bg3 fxe5 14. Bxe5 Nxe5
15. Nxe5 Rxf2 16. Nxd7 Qxh4 17. Nxc5 Qg3 18. Qf3 Rxf3 19. Nxf3 Rc8 20. b4 b6
21. Nb3 Rxc2 22. Nbd2 e5 23. Re2 d3 24. Nf1 Qg4 25. N1h2 Qf4 26. Rxe5 Qg3 0-1

[Event "North Bay int."]
[Site "North Bay CAN"]
[Date "1996.08.10"]
[Round "6"]
[White "Linskiy, Oleg"]
[Black "Salman, Joel"]
[Result "1-0"]
[WhiteElo "2390"]
[BlackElo "2356"]
[PlyCount "45"]
[EventDate "1996.08.07"]
[EventType "swiss"]
[EventRounds "9"]
[EventCountry "CAN"]

1. Nc3 d5 2. e4 e6 3. d4 Nf6 4. Bg5 Be7 5. e5 Nfd7 6. h4 Bxg5 7. hxg5 Qxg5 8.
Nh3 Qe7 9. Nf4 a6 10. Qg4 c5 11. dxc5 Nc6 12. Qxg7 Qf8 13. Qg5 Qe7 14. Qg3
Ndxe5 15. O-O-O Qxc5 16. Rh5 Bd7 17. Nfxd5 O-O-O 18. Na4 Qa5 19. Ndb6+ Kc7 20.
Nc4 Qxa4 21. Rxe5 b5 22. Red5+ e5 23. Rxd7+ 1-0

[Event "North Bay int."]
[Site "North Bay CAN"]
[Date "1996.08.10"]
[Round "6"]
[White "Livshits, Ron"]
[Black "Balandin, Aleksey"]
[Result "0-1"]
[WhiteElo "2468"]
[BlackElo "2448"]
[PlyCount "98"]
[EventDate "1996.08.07"]
[EventType "swiss"]
[EventRounds "9"]
[EventCountry "CAN"]

1. e4 c6 2. d4 d5 3. Nd2 g6 4. Ngf3 Bg7 5. c3 Nh6 6. Bd3 O-O 7. O-O f6 8. Re1
Nf7 9. exd5 cxd5 10. c4 Nc6 11. cxd5 Nb4 12. Bc4 Nd6 13. Bb3 Nd3 14. Re3 Nxc1
15. Rxc1 Bh6 16. Re1 Bg4 17. Rc3 Kh8 18. h3 Bf5 19. Qe2 Re8 20. Ba4 b5 21. Bb3
a5 22. Rc5 a4 23. Bc2 Bd7 24. Bd3 Qb6 25. Ne4 Rab8 26. Rc2 Nxe4 27. Qxe4 Qd6
28. Rc5 Kg7 29. Qe2 e6 30. dxe6 Rxe6 31. Qd1 Rxe1+ 32. Qxe1 b4 33. Qe4 b3 34.
a3 Re8 35. Qb7 Re7 36. Qa8 Bf4 37. Bc4 Qb8 38. Qd5 Bd6 39. Ra5 Be6 40. Qc6 Bxc4
41. Qxc4 Rc7 42. Qe2 Bxa3 43. g3 Re7 44. Qc4 Bxb2 45. Rxa4 Rc7 46. Qe6 Bc3 47.
Ra6 b2 48. Qxf6+ Kg8 49. Qe6+ Rf7 0-1

[Event "North Bay int."]
[Site "North Bay CAN"]
[Date "1996.08.10"]
[Round "6"]
[White "Marshall, Peter"]
[Black "Olszewski, Piotr"]
[Result "1-0"]
[WhiteElo "2251"]
[BlackElo "2276"]
[PlyCount "77"]
[EventDate "1996.08.07"]
[EventType "swiss"]
[EventRounds "9"]
[EventCountry "CAN"]

1. d4 Nf6 2. c4 e6 3. Nc3 c5 4. d5 exd5 5. cxd5 Bd6 6. e4 O-O 7. Bd3 Bc7 8. Bg5
d6 9. f4 a6 10. a4 Nbd7 11. Nf3 Ba5 12. Nd2 h6 13. Bh4 Re8 14. O-O Nf8 15. Nc4
Bc7 16. Qc2 Ng6 17. Bxf6 gxf6 18. e5 Nf8 19. Ne4 dxe5 20. d6 f5 21. dxc7 Qd4+
22. Nf2 e4 23. Be2 Ne6 24. Rad1 Qg7 25. Nb6 Ra7 26. Nxc8 Rxc8 27. Rd7 b6 28.
Bh5 Raxc7 29. Bxf7+ Kf8 30. Bxe6 Rxd7 31. Bxf5 e3 32. Ne4 Re8 33. Bxd7 Qxd7 34.
Ng3 Qd2 35. Qxd2 exd2 36. Kf2 Rd8 37. Rd1 Rd4 38. Ke3 Rxa4 39. Rxd2 1-0

[Event "North Bay int."]
[Site "North Bay CAN"]
[Date "1996.08.10"]
[Round "6"]
[White "Morrell, Gord"]
[Black "Powell, Bryson"]
[Result "1/2-1/2"]
[WhiteElo "2226"]
[BlackElo "2084"]
[PlyCount "71"]
[EventDate "1996.08.07"]
[EventType "swiss"]
[EventRounds "9"]
[EventCountry "CAN"]

1. c4 f5 2. Nc3 Nf6 3. g3 e6 4. d4 d5 5. Nf3 c6 6. Bg2 Bd6 7. b3 Nbd7 8. O-O
Ne4 9. Qc2 O-O 10. a4 Qe7 11. Bf4 Bxf4 12. gxf4 Ndf6 13. c5 Bd7 14. Ne5 Be8 15.
Nd1 Nd7 16. Nxd7 Qxd7 17. f3 Nf6 18. Nf2 Qe7 19. Nd3 Kh8 20. Rf2 Rg8 21. Bh1
Nh5 22. e3 Nf6 23. Rg2 Bf7 24. a5 a6 25. Qf2 Nd7 26. Qg3 Rad8 27. Qg5 Qxg5 28.
Rxg5 h6 29. Rg3 g5 30. Kf2 Rg7 31. Rag1 Rdg8 32. Ne5 Nxe5 33. dxe5 gxf4 34.
exf4 Rxg3 35. hxg3 Rg7 36. Rd1 1/2-1/2

[Event "North Bay int."]
[Site "North Bay CAN"]
[Date "1996.08.10"]
[Round "6"]
[White "Palsson, Halldor"]
[Black "Evans, Bill"]
[Result "0-1"]
[WhiteElo "2125"]
[BlackElo "2233"]
[PlyCount "42"]
[EventDate "1996.08.07"]
[EventType "swiss"]
[EventRounds "9"]
[EventCountry "CAN"]

1. d4 g6 2. c4 Bg7 3. Nc3 d6 4. e4 Nf6 5. f3 O-O 6. Be3 Nc6 7. Nge2 Rb8 8. Qd2
Re8 9. Nc1 e5 10. d5 Nd4 11. Nb3 c5 12. dxc6 bxc6 13. Nxd4 exd4 14. Bxd4 d5 15.
Bxa7 Rb7 16. Be3 Qa5 17. Rc1 dxe4 18. Nxe4 Qxa2 19. b4 Qb3 20. Bd3 Nxe4 21.
Bxe4 Rd7 0-1

[Event "North Bay int."]
[Site "North Bay CAN"]
[Date "1996.08.10"]
[Round "6"]
[White "Peckford, William"]
[Black "Teodoro, Eduardo"]
[Result "0-1"]
[WhiteElo "2314"]
[BlackElo "2453"]
[PlyCount "75"]
[EventDate "1996.08.07"]
[EventType "swiss"]
[EventRounds "9"]
[EventCountry "CAN"]

1. d4 f5 2. Bg5 Nf6 3. Bxf6 exf6 4. e3 Nc6 5. Bd3 g6 6. c3 Qe7 7. Qf3 b6 8. Qg3
Qd6 9. Qxd6 Bxd6 10. Ne2 Bb7 11. Nd2 O-O-O 12. Nc4 Bf8 13. h4 h5 14. b4 Ne7 15.
Rg1 Re8 16. g3 Rg8 17. Nf4 Kb8 18. Kd2 Nc8 19. a4 d5 20. Na3 Nd6 21. a5 Ne4+
22. Bxe4 fxe4 23. axb6 cxb6 24. g4 hxg4 25. Rxg4 g5 26. Rag1 Be7 27. R4g2 Rd8
28. Nc2 Rc8 29. Nh3 Rh8 30. Rc1 Rxh4 31. Ng1 f5 32. Ne2 f4 33. exf4 gxf4 34.
Rg7 Bf8 35. Rf7 Bh6 36. f3 e3+ 37. Kd1 Ba6 38. Ne1 0-1

[Event "North Bay int."]
[Site "North Bay CAN"]
[Date "1996.08.10"]
[Round "6"]
[White "Powell, Bryson"]
[Black "Marshall, Peter"]
[Result "0-1"]
[WhiteElo "2084"]
[BlackElo "2251"]
[PlyCount "44"]
[EventDate "1996.08.07"]
[EventType "swiss"]
[EventRounds "9"]
[EventCountry "CAN"]

1. e4 c5 2. Nc3 g6 3. f4 Bg7 4. Nf3 Nc6 5. Bc4 e6 6. O-O Nge7 7. d3 O-O 8. Be3
d5 9. Bxc5 dxc4 10. dxc4 b6 11. Bd6 Bd4+ 12. Nxd4 Qxd6 13. Nxc6 Qxc6 14. Qe2
Bb7 15. Rae1 Rad8 16. Kh1 Rd4 17. Qg4 Rfd8 18. Rf3 Qxc4 19. Rh3 Bxe4 20. Qh4
Nf5 21. Qf6 R8d7 22. Ne2 Qxe2 0-1

[Event "North Bay int."]
[Site "North Bay CAN"]
[Date "1996.08.10"]
[Round "6"]
[White "Ristovic, Nenad"]
[Black "Heyer, Jon Paul"]
[Result "1-0"]
[WhiteElo "2302"]
[BlackElo "2233"]
[PlyCount "95"]
[EventDate "1996.08.07"]
[EventType "swiss"]
[EventRounds "9"]
[EventCountry "CAN"]

1. d4 Nf6 2. c4 d6 3. Nf3 g6 4. g3 Bg7 5. Bg2 O-O 6. O-O Nbd7 7. Nc3 c6 8. h3
e5 9. e4 Nh5 10. Re1 Re8 11. Be3 Nf8 12. Rc1 Qe7 13. a3 h6 14. b4 f6 15. b5 Qf7
16. Qa4 Bd7 17. bxc6 bxc6 18. Qa6 f5 19. dxe5 dxe5 20. exf5 gxf5 21. Bc5 Bf6
22. Nh2 Ne6 23. Bd6 e4 24. Ne2 Nd4 25. Nxd4 Bxd4 26. c5 Qg7 27. Rcd1 Be6 28.
Qxc6 Bb3 29. Rb1 Rac8 30. Qb5 Ba2 31. Rbd1 e3 32. Kh1 Bf7 33. fxe3 Bxe3 34. Nf1
Bf2 35. Rxe8+ Rxe8 36. Kh2 f4 37. g4 Bg3+ 38. Nxg3 fxg3+ 39. Kh1 Nf6 40. Bxg3
h5 41. Qc6 hxg4 42. Bh4 Nh5 43. Bd5 Rf8 44. Rf1 Kh7 45. Be4+ Kh8 46. hxg4 Be8
47. Qa6 Rf4 48. Rxf4 1-0

[Event "North Bay int."]
[Site "North Bay CAN"]
[Date "1996.08.10"]
[Round "6"]
[White "Saleh, Maher"]
[Black "Milicevic, Goran"]
[Result "1-0"]
[WhiteElo "2280"]
[BlackElo "2393"]
[PlyCount "61"]
[EventDate "1996.08.07"]
[EventType "swiss"]
[EventRounds "9"]
[EventCountry "CAN"]

1. Nf3 c5 2. g3 g6 3. Bg2 Bg7 4. d4 Nf6 5. O-O O-O 6. c4 d6 7. dxc5 dxc5 8. Nc3
Nc6 9. Bf4 Be6 10. Ne5 Nxe5 11. Bxe5 Qc8 12. Qb3 Bh3 13. Bxb7 Qe6 14. Bxa8 Qxe5
15. Bg2 Rb8 16. Qc2 Be6 17. b3 Ng4 18. Rac1 Qh5 19. h3 Ne5 20. Nd5 Bh6 21. f4
Nc6 22. g4 Qh4 23. e3 Bxd5 24. cxd5 Nb4 25. Qxc5 Rb6 26. Qd4 Bf8 27. Rc8 f6 28.
d6 exd6 29. a3 Na6 30. g5 d5 31. Qxd5+ 1-0

[Event "North Bay int."]
[Site "North Bay CAN"]
[Date "1996.08.10"]
[Round "6"]
[White "Shernoff, Leon"]
[Black "Hum, Peter"]
[Result "0-1"]
[WhiteElo "2100"]
[BlackElo "2234"]
[PlyCount "80"]
[EventDate "1996.08.07"]
[EventType "swiss"]
[EventRounds "9"]
[EventCountry "CAN"]

1. e4 e6 2. d4 d5 3. exd5 exd5 4. Bd3 Nc6 5. c3 Bd6 6. Nf3 Bg4 7. O-O Nge7 8.
Nbd2 Qd7 9. Re1 O-O-O 10. b4 Ng6 11. Nb3 Rde8 12. Be2 f6 13. Be3 h5 14. Nc5 Qf7
15. Qd3 Nd8 16. h3 Bxc5 17. bxc5 Bd7 18. Rab1 Bc6 19. Qc2 Ne7 20. Bd3 g5 21. h4
g4 22. Nd2 Reg8 23. Bf4 Ne6 24. Bg3 f5 25. Be5 Rh6 26. g3 Rf8 27. Rf1 Ng6 28.
Rbe1 f4 29. Qb3 Rg8 30. c4 Nxe5 31. Rxe5 Nxd4 32. Qd1 Nf3+ 33. Nxf3 gxf3 34.
Bf5+ Kb8 35. cxd5 fxg3 36. Be6 gxf2+ 37. Kxf2 Rg2+ 38. Ke3 Qg7 39. Rf5 Re2+ 40.
Kd3 Bb5# 0-1

[Event "North Bay int."]
[Site "North Bay CAN"]
[Date "1996.08.10"]
[Round "6"]
[White "Southam, David"]
[Black "Khoudgarian, Natalia"]
[Result "0-1"]
[WhiteElo "2308"]
[BlackElo "2215"]
[PlyCount "76"]
[EventDate "1996.08.07"]
[EventType "swiss"]
[EventRounds "9"]
[EventCountry "CAN"]
[Source "ChessBase"]
[SourceDate "1997.11.17"]

1. c4 e6 2. g3 d5 3. Bg2 Nf6 4. Nf3 Be7 5. b3 O-O 6. Bb2 c6 7. d3 Nbd7 8. Nbd2
Re8 9. O-O Bf8 10. Qc2 e5 11. e4 dxe4 12. dxe4 a5 13. a3 Qb6 14. Nb1 Nc5 15. b4
axb4 16. axb4 Rxa1 17. bxc5 Qa7 18. Bxa1 Qxa1 19. Nbd2 Qa3 20. Nb3 Bxc5 21. Ra1
Qb4 22. Ne1 Qb6 23. Nd3 Bd4 24. c5 Qd8 25. Ra4 b5 26. Rb4 Be6 27. Nxd4 exd4 28.
h3 Bc4 29. e5 Nd5 30. Rxc4 bxc4 31. Qxc4 Qc7 32. Bxd5 cxd5 33. Qxd4 Rd8 34. Kh2
Kf8 35. Kg2 Qb7 36. Kh2 Qb5 37. Nb4 Qc4 38. Nc6 Rc8 0-1